| 000 | 00884nam a2200253 a 4500 | ||
|---|---|---|---|
| 001 | 000034644 | ||
| 005 | 20200930073820.0 | ||
| 008 | 111012s2008 ck a 000 0 spa d | ||
| 020 | _a9789583006630 | ||
| 040 |
_aDO-SdBNP _bspa _cBNPHU |
||
| 082 |
_axxxx _bW447m |
||
| 100 | 1 |
_aWell, H. G., _d1866-1946 _960074 |
|
| 240 | 1 | 3 |
_aThe time machine _lEspañol |
| 245 | 1 | 3 |
_aLa máquina del tiempo. / _cHerbert George Wells; traducción Enrique Santos Molano; ilustraciones Jorge Alberto Ávila. |
| 260 |
_aBogotá : _bPanamericana Editorial, _c2008. |
||
| 300 |
_a175 p. : _bils ; _c21 cm. |
||
| 490 | 1 | _aLiteratura juvenil | |
| 500 | _aSexta reimpresión | ||
| 500 | _aTraducido del inglés | ||
| 500 | _aIncluye notas al pie de las páginas | ||
| 700 | 1 |
_aSantos Molano, Enrique, _etr. _960075 |
|
| 700 | 1 |
_aÁvila, Jorge Alberto, _eil. _960076 |
|
| 830 | 0 |
_aLiteratura juvenil _959362 |
|
| 999 |
_c34135 _d34135 |
||